000 01122nam a2200301Ia 4500
001 Para_599
003 CHAP
008 220125s1994 xx 000 0 und d
010 _a199359
040 _cCHAP
090 _aPA TESIS 673
100 _aCastañeda Baeza, Candelario Francisco
_919891
245 _aPatogenicidad de Beuveria bassiana (Deuteromycetes :
_bmoniliales) a los bruquidos del frjiol almaenado Zabrotes sulfasciatus y Acanthoscelides obtectus (Coleoptera :
_b Bruchidae) en laboratorio /
_c por Candelario Francisco Castañeda Baeza
260 _aChapingo, Méx. :
_b el autor
300 _a56 h.
502 _aTesis (Ing. Agr. Esp. en Parasitología Agrícola) -- UACh. Departamento Parasitología Agrícola
650 _aAcanthoscelides obtectus
_9402
650 _aColeopteros
_925123
650 _aZabrotes subfasciatus
_9123383
710 _aUACh. Departamento Parasitología Agrícola
_9164025
901 _aPA TESIS 673
902 _aA
905 _a0000001994 0000000000 00
910 _a1994
942 _cPARA
942 _cPARA
_d1
999 _c199359
_d199359